The Illuminating Engineer (Record no. 106491)

MARC details
000 -LEADER
fixed length control field 01282cam a2200241 4500
001 - CONTROL NUMBER
control field L136731
008 - FIXED-LENGTH DATA ELEMENTS--GENERAL INFORMATION
fixed length control field 070220n1923 000 0 eng u
035 ## - SYSTEM CONTROL NUMBER
System control number (Sirsi) u136731
041 0# - LANGUAGE CODE
Language code of text/sound track or separate title eng
050 04 - LIBRARY OF CONGRESS CALL NUMBER
Classification number 729.28 $2 18
100 1# - MAIN ENTRY--PERSONAL NAME
Personal name Waldram, Percy J.
245 04 - TITLE STATEMENT
Title The Illuminating Engineer
260 ## - PUBLICATION, DISTRIBUTION, ETC.
Place of publication, distribution, etc. London
Name of publisher, distributor, etc. Illuminating Engineering Publishing Company
Date of publication, distribution, etc. 1923
300 ## - PHYSICAL DESCRIPTION
Extent 128p.
Dimensions 23cm.
490 #4 - SERIES STATEMENT
Series statement The Illuminating Engineer
Volume/sequential designation 16(4-5) April-May 1923
505 2# - FORMATTED CONTENTS NOTE
Formatted contents note Window design and the predetermination of daylight illumination -- The influence of daylight illumination of the use of artificial light -- Aids to daylight illumination -- Maxlume reflectors -- Palmer's publicity service -- Domestic lighting with gas -- Developments in miners' lamps -- Reviews of books and publications received -- A new system of stage lighting -- Acetylene lighting developments
520 ## - SUMMARY, ETC.
Summary, etc. Special issue containing Percy Waldram's paper and appendices presented at the Illuminating Engineering Society on 27 March 1923 and the dicussion that followed
651 #4 - SUBJECT ADDED ENTRY--GEOGRAPHIC NAME
Geographic name United Kingdom
Chronological subdivision
690 ## - LOCAL SUBJECT ADDED ENTRY--TOPICAL TERM (OCLC, RLIN)
Topical term or geographic name as entry element BUILT ENVIRONMENT-BUILDING ELEMENTS-COMPLETE BUILDING SERVICES ELEMENTS-COMPLETE LIGHTING SYSTEMS
700 1# - ADDED ENTRY--PERSONAL NAME
Personal name Caster, Leon
Relator term Editor
700 1# - ADDED ENTRY--PERSONAL NAME
Personal name Waldram, J. M.
942 ## - ADDED ENTRY ELEMENTS (KOHA)
Suppress in OPAC 0

No items available.